000
00277nam a2200109Ia 4500
005
20251222154429.0
008
251222s9999||||xx |||||||||||||| ||spa||
082
_a
338.9/P87
100
_a
"Byrnard, Jean y otros"
245
0
_a
Programaciyn del desarrollo econymico
942
_c
LIB
999
_c
36346
_d
36346